| 000 | 00940cam a22002535a 4500 | ||
|---|---|---|---|
| 999 |
_c329701 _d329701 |
||
| 001 | 13210712 | ||
| 003 | NUST | ||
| 005 | 20170518120635.0 | ||
| 008 | 030523t20031977nyu 000 0 eng | ||
| 010 | _a 2003269708 | ||
| 020 | _a1400030757 | ||
| 040 |
_aDLC _cDLC _dDLC |
||
| 043 | _aa-ii--- | ||
| 050 | 0 | 0 |
_aDS407 _b.N26 2003 |
| 082 | _a954 NAI | ||
| 100 | 1 |
_aNaipaul, V. S. _q(Vidiadhar Surajprasad), _d1932- _91056 |
|
| 245 | 1 | 0 |
_aIndia : _ba wounded civilization / _cV.S. Naipaul. |
| 250 | _aVintage Books ed. | ||
| 260 |
_aNew York : _bVintage Books, _c2003. |
||
| 300 |
_axi, 191 p. ; _c20 cm. |
||
| 651 | 0 |
_aIndia. _91063 |
|
| 856 | 4 | 2 |
_3Contributor biographical information _uhttp://www.loc.gov/catdir/bios/random051/2003269708.html |
| 856 | 4 | 2 |
_3Publisher description _uhttp://www.loc.gov/catdir/description/random0411/2003269708.html |
| 906 |
_a7 _bcbc _corigcop _d2 _encip _f20 _gy-gencatlg |
||
| 942 |
_2ddc _cBK |
||